000 00658nam a2200217Ia 4500
003 OSt
005 20221007082429.0
006 a|||||r|||| 00| 0
007 ta
008 221006b |||||||| |||| 00| 0 eng d
024 _a11,409
037 _cTextual
040 _aFLL
_cFLL
_beng
041 _2eng
_aeng
082 _aVIN45,31:3.N67, K8
245 0 _aUnited nations
_b Resolutions of legal interest adopted by the general assembly at its twenty-second session during the period 19 september 19 december 1967
260 _c1968
300 _a133p
_ccm.
942 _hVIN45,31:3.N67, K8
_cTEXL
_2CC
999 _c1166401
_d1166401